Cities West of the Andes on a Map - Statistics

General Stats
  • This quiz has been taken 775 times
  • The average score is 8 of 12
Answers on the Map
Answers color-coded by a green-red scale on the quiz's map according to % correct below.
 
Answer Stats
Pop. City % Correct
10,100,000 Lima
100%
7,250,000 Santiago
99%
3,150,000 Guayaquil
85%
2,875,000 Cali
84%
2,100,000 Barranquilla
79%
2,625,000 Maracaibo
75%
1,020,000 Valparaiso
69%
1,130,000 Cartagena
66%
1,080,000 Arequipa
53%
720,000 Concepcion
42%
850,000 Trujillo
41%
610,000 Chiclayo
21%
No matching quizzes found
Score Distribution
Percent of People with Each Score
Percentile by Number Answered
Your Score History
You have not taken this quiz